Loading...
Ramachandrante kala/
| Main Author: | |
|---|---|
| Format: | Printed Book |
| Language: | Malayalam |
| Published: |
Kottayam:
D. C. Books,
2002
|
| LEADER | 00570nam a22001817a 4500 | ||
|---|---|---|---|
| 003 | OSt | ||
| 005 | 20200624134640.0 | ||
| 008 | 160520b xxu||||| |||| 00| 0 mal d | ||
| 041 | |a mal | ||
| 082 | |a 759.06092 SUR/R | ||
| 100 | |a Surendran, P. | ||
| 245 | |a Ramachandrante kala/ |c P. Surendran | ||
| 260 | |a Kottayam: |b D. C. Books, |c 2002 | ||
| 300 | |a 108p. | ||
| 546 | |a In Malayalam | ||
| 942 | |2 ddc |c BK | ||
| 999 | |c 329321 |d 329321 | ||
| 952 | |0 0 |1 0 |2 ddc |4 0 |6 759_060920000000000_SUR_R |7 0 |9 375915 |a CSC |b CSC |c ST1 |d 2016-05-20 |i 11522 |l 0 |o 759.06092 SUR/R |p CSC11522 |r 2016-05-20 |w 2016-05-20 |y BK | ||